Loading...
| MB | 2 | 9 | 4 | 3 | 100 | 43 | 96.82 | 2 | 10 | 0.00 | 0.00 |
| BB | 2 | 3 | 0 | 2 | 60 | 63 | 94.40 | 2 | 4 | 0.00 | 0.00 |
| AW | 0 | 4 | 0 | 1 | 40 | 78 | 98.00 | 2 | 4 | 0.00 | 0.00 |
| AG | 1 | 2 | 1 | 0 | 30 | 58 | 69.33 | 2 | 3 | 0.00 | 0.00 |
| TR | 1 | 2 | 3 | 0 | 20 | 19 | 57.33 | 2 | 3 | 0.00 | 0.00 |
| AR | 0 | 2 | 0 | 1 | 20 | 99 | 114.00 | 0 | 2 | 0.00 | 0.00 |
| KD | 0 | 2 | 0 | 0 | 20 | 93 | 117.50 | 1 | 1 | 0.00 | 0.00 |
| DM | 1 | 1 | 2 | 1 | 15 | 73 | 97.00 | 1 | 2 | 0.00 | 0.00 |
| RC | 0 | 2 | 2 | 0 | 10 | 92 | 106.00 | 0 | 2 | 0.00 | 0.00 |
| RC> | 0 | 1 | 0 | 0 | 10 | 100 | 100.00 | 1 | 1 | 0.00 | 0.00 |
| RR | 1 | 1 | 4 | 0 | 5 | 62 | 67.00 | 0 | 2 | 0.00 | 0.00 |